000 00666nam a2200217Ia 4500
001 15164
003 GE_BSU
008 181216s||||||||xx |||||||||||||| ||und||
040 _cGE_BSU
080 _a821.353.1-32
100 _aშატაიძე, ნუგზარ
245 _aსოფლის ძველი სახლი
245 _bმოთხრობები
245 _cრედ.: ლია არაბიძე;მხატვ:კ.ფაჩულია
260 _aთბილისი
260 _bმერანი
260 _c1990
300 _a351გვ;22სმ
653 _aმოთხრობები
942 _cBK
999 _c48279
_d48279